000 00321nam a2200121Ia 4500
008 220120s9999||||xx |||||||||||||| ||und||
082 _a003 .3 BAN
100 _aBanks, Jerry Carson, John, S etal
245 0 _aDiscrete event system simulation
260 _bPune
_c2005
300 _b175
650 _aOPTICAL COMMUNICATION
999 _c132139
_d132139